| 000 | 01056cam a2200265 i 4500 | ||
|---|---|---|---|
| 001 | 17612495 | ||
| 005 | 20180301034000.0 | ||
| 008 | 130204s2013 cau b 001 0 eng | ||
| 010 | _a 2013001011 | ||
| 020 | _a9781118399477 (pbk.) | ||
| 040 |
_aDLC _beng _cDLC _erda _dDLC |
||
| 041 | _aeng | ||
| 042 | _apcc | ||
| 043 | _an-us--- | ||
| 080 | _a378.1980973 SUS | ||
| 082 | 0 | 0 |
_a378.1980973 SUS _223 |
| 100 | 1 | _a54 | |
| 101 | _aLED | ||
| 245 | 1 | 0 |
_aExploring leadership : _cSusan R. Komives, Nance Lucas, Timothy R. McMahon. |
| 504 | _aIncludes bibliographical references (pages 525-550) and indexes. | ||
| 776 | 0 | 8 |
_iOnline version: _aKomives, Susan R., 1946- _tExploring leadership _bThird edition. _dSan Francisco : Jossey-Bass, [2013] _z9781118421819 _w(DLC) 2013005065 |
| 906 |
_a7 _bcbc _corignew _d1 _eecip _f20 _gy-gencatlg |
||
| 942 |
_2ddc _cBK |
||
| 999 |
_c43755 _d43755 |
||